| 000 | 00569nam a2200169 i 4500 | ||
|---|---|---|---|
| 001 | 24448 | ||
| 003 | ES-MaACL | ||
| 005 | 20230906153041.0 | ||
| 007 | t| | ||
| 008 | 021217s1981 sp ||||1| spa d | ||
| 100 | 1 |
_aAndrés Puente, E. _921616 |
|
| 245 | 1 | 0 |
_aElectrónica _b: (ingeniería industrial) / _cpreparada por E. Andrés Puente, P. Martínez Martínez. |
| 260 |
_a[Madrid] : _bUniversidad Nacional de Educación a Distancia, _c[1981] |
||
| 300 |
_a6 t. en 1 v. ; _c30 cm. |
||
| 700 | 1 |
_aMartínez Martínez, P. _978212 |
|
| 852 |
_aES-MaACL _jL-2715 _bR.103662 |
||
| 999 |
_c24448 _d24448 |
||